Análisis político-criminal del Proyecto oficial del Código penal español / (Record no. 93975)

MARC details
000 -LEADER
campo de control de longitud fija 00682nam a2200181 i 4500
001 - NÚMERO DE CONTROL
campo de control 93975
003 - IDENTIFICADOR DE NÚMERO DE CONTROL
campo de control ES-MaACL
005 - FECHA Y HORA DE LA ÚLTIMA TRANSACCIÓN
campo de control 20230906181345.0
007 - CAMPO FIJO DE DESCRIPCIÓN FÍSICA--INFORMACIÓN GENERAL
campo de control de longitud fija t|
008 - DATOS DE LONGITUD FIJA--INFORMACIÓN GENERAL
campo de control de longitud fija 050426s1980 sp ||||1| spa d
100 1# - ENTRADA PRINCIPAL--NOMBRE DE PERSONA
Nombre de persona López-Rey y Arrojo, Manuel.
9 (RLIN) 73916
245 10 - MENCIÓN DEL TÍTULO
Título Análisis político-criminal del Proyecto oficial del Código penal español /
Mención de responsabilidad, etc. Manuel López-Rey y Arrojo.
260 ## - PUBLICACIÓN, DISTRIBUCIÓN, ETC.
Lugar de publicación, distribución, etc. Madrid :
Nombre del editor, distribuidor, etc. Instituto Nacional de Estudios Jurídicos,
Fecha de publicación, distribución, etc. 1980.
300 ## - DESCRIPCIÓN FÍSICA
Extensión 12 h. ;
Dimensiones 24 cm.
500 ## - NOTA GENERAL
Nota general Es tirada aparte de "Anuario de Derecho penal y ciencias penales"
710 2# - ENTRADA AGREGADA--NOMBRE DE ENTIDAD CORPORATIVA
Nombre de entidad corporativa o nombre de jurisdicción como elemento de entrada Instituto Nacional de Estudios Jurídicos (España)
9 (RLIN) 5163
852 ## - LOCALIZACIÓN
Ubicación ES-MaACL
Número de control de estantería 2118-F-17
Sublocalización o colección R.101065
Holdings
Estatus retirado Estado de pérdida Estado de daño No para préstamo Colección Biblioteca de origen Biblioteca actual Ubicación en estantería Fecha de adquisición Fuente de adquisición Total de préstamos Signatura topográfica completa Código de barras Visto por última vez Precio de reemplazo Tipo de ítem Koha
        Colección de folletos Biblioteca del Ateneo de Madrid Biblioteca del Ateneo de Madrid Depósito folletos 17/01/2008     2118-F-17 1098142 23/02/2023 23/02/2023 Folleto